000 00942nam0a22002891 4500
001 v19\rc\1824727
005 20260407062808.0
035 _a(NLR Aleph) 004921883
090 _a5586974
_c5586974
100 _a20071224d1907 |||y0rusy50 ca
101 1 _arus
_cswe
102 _aRU
105 _ay z |||a|
200 1 _aКолокола
_eРассказ Захарии Топелиуса
210 _aСанкт-Петербург
_cП.Н. Адамова
_d1907
215 _a32 с.
_d21
225 1 _aЧтение для маленьких девочек
_v1
700 1 _8rus
_7ca
_aТопелиус
_bЗ.
_cписатель, поэт
_f1818-1898
_gЗахариас
_3RU\NLR\AUTH\7712967
_9122675
801 0 _aRU
_bNLR
_gpsbo
801 0 _aRU
_bRuMoRGB
_2psbo
801 1 _aRU
_bProSoft-M
_2rusmarc
852 _aNLR
_j34.84.4.1204
899 _aRuMoRGB
_jV 119/231 (кн. 1)
899 _aБАН
942 _cBOOK
980 _aNB